000 00472nam a2200181Ia 4500
005 20250508152816.0
008 008 250505s9999 xx 000 0 hin d
037 _aTextual
040 _aFEDL
_beng
_cFEDL
041 _ahin
_2eng
084 _aFH, SIN
_qFEDL
100 _aSinghal Madan Gopal
_9762445
245 0 _aKalika
260 _aMeerut, India
_bMadan Gopal Singhal
_c1948
300 _a45p.
942 _cTEXL
_hFH, SIN
999 _c1338888
_d1338888